| 000 | 00761nam a2200241 a 4500 | ||
|---|---|---|---|
| 001 | BRL_410 | ||
| 005 | 20190320210729.0 | ||
| 008 | 070813s1942----mx-a######---#000-0#spa-# | ||
| 041 | _aspa | ||
| 044 | _amx | ||
| 050 | 4 |
_aF1221.T3 _b.N64 1942 |
|
| 100 | 1 |
_aNoguera, Eduardo _919544 |
|
| 245 | 1 | 0 |
_aCultura Tarasca _cEduardo Noguera. |
| 260 |
_aMéxico _bEl Nacional _c1942 |
||
| 300 |
_a92 p. _bil. _c20 cm. |
||
| 440 | 0 |
_aBbiblioteca del Maestro _pt.24 _923831 |
|
| 500 | _aAu428 | ||
| 500 | _aEsta obra forma el tomo II de la serie denominada Culturas Precortesianas cuya publicación patrocina el departamento de asustos indígenas. | ||
| 650 | 1 | 4 |
_aTarascos _xAntiguedades _923832 |
| 650 | 1 | 4 |
_aTarascos _xHistoria _923833 |
| 902 | _aGRL | ||
| 942 |
_2lcc _cB |
||
| 999 |
_c9223 _d9223 |
||